| 000 | 00000nam 2200000zi 4500 |
| 001 | 9.939711 |
| 003 | CaOODSP |
| 005 | 20240624093054 |
| 006 | m o d f |
| 007 | cr bn||||||||| |
| 008 | 240624s2024 onc ol f000 0 fre d |
| 040 | |aCaOODSP|bfre|erda|cCaOODSP |
| 041 | 0 |aeng|afre |
| 043 | |an-cn--- |
| 086 | 1 |aYX4-2024/17-PDF |
| 110 | 1 |aCanada.|ejuridiction promulgatrice. |
| 245 | 13|aAn Act to implement certain provisions of the budget tabled in Parliament on April 16, 2024 = |bLoi portant exécution de certaines dispositions du budget déposé au Parlement le 16 avril 2024. |
| 246 | 31|aLoi portant exécution de certaines dispositions du budget déposé au Parlement le 16 avril 2024 |
| 264 | 1|a[Ottawa] : |b[Chambre des communes du Canada], |c2024. |
| 300 | |a1 ressource en ligne (xxvi, 640 pages). |
| 336 | |atexte|btxt|2rdacontent/fre |
| 337 | |ainformatique|bc|2rdamedia/fre |
| 338 | |aressource en ligne|bcr|2rdacarrier/fre |
| 490 | 1 |aLois du Canada ..., chapitre ... ; |vLois du Canada (2024), chapitre 17, 1re session, 44e législature |
| 500 | |a« Première session, quarante-quatrième législature, 70-71 Elizabeth II - 1 Charles III, 2021-2022-2023-2024. » |
| 500 | |a« Sanctionnée le 20 juin 2024, projet de loi C-69. » |
| 520 | |a« La partie 1 met en œuvre certaines mesures relatives à la Loi de l’impôt sur le revenu et au Règlement de l’impôt sur le revenu ... La partie 2 édicte la Loi sur l’impôt minimum mondial, un régime basé sur des règles élaborées par l’Organisation de coopérationet de développement économiques (OCDE) » -- Sommaire, page ii-iii. |
| 546 | |aTexte en anglais et en français. |
| 650 | 6|aBudget|xDroit|zCanada|vLégislation. |
| 650 | 6|aDroit fiscal|zCanada|vLégislation. |
| 650 | 6|aImpôt sur le revenu|xDroit|zCanada|vLégislation. |
| 650 | 6|aAmendements (Procédure parlementaire)|zCanada. |
| 655 | 7|aLois et codes|2rvmgf |
| 710 | 1 |aCanada. |bParlement. |bChambre des communes, |eorganisme de publication. |
| 788 | |tAn Act to implement certain provisions of the budget tabled in Parliament on April 16, 2024 = |eeng|w(CaOODSP)9.939708 |
| 830 | #0|aLois du Canada ..., chapitre ...|vLois du Canada (2024), chapitre 17, 1re session, 44e législature.|w(CaOODSP)9.500678 |
| 856 | 40|qPDF|s5.13 Mo|uhttps://publications.gc.ca/collections/collection_2024/lois-statutes/YX4-2024-17.pdf |
| 856 | 4 |qHTML|sS.O.|uhttps://www.parl.ca/documentviewer/fr/44-1/projet-loi/C-69/sanction-royal?col=2 |